000 01407cam a2200229 4500
001 ##L135099
008 060925n2006 000 0 eng u
035 _a(Sirsi) u135099
041 0 _aeng
050 0 4 _a551.52 $2 18
110 2 _aRoyal Institution of Chartered Surveyors
_94900
245 0 4 _aThe city climate challenge for 2050
_byour city - your responsibility
_bfull report
260 _a[S.l.]
_bBrook Lyndhurst
_c2006
505 0 0 _aExecutive summary -- Introduction -- Transport -- Built environment: demand side -- Energy: supply side -- Reflections for London -- Closing remarks
520 _aExamines how UK towns and cities need to adapt and change to meet the challenge of a 60% reduction in carbon dioxide emissions by 2050. Case studies for Manchester, Bournemouth and Brighton look at transport, built environment and energy issues respectively and identify paths to a low carbon future. A fourth case study for London brings together the three issues and shows the combined reductions needed. (For executive summary see L135138).
590 _aIKA031006 NTK
651 4 _aUnited Kingdom
_y
690 _aENVIRONMENTAL AND LAND CONSULTANCY-ENERGY
710 2 _aBrook Lyndhurst
_94663
856 4 0 _uwww.brooklyndhurst.co.uk/.../Brook%20Lyndhurst%20-%20Climate%20challenge%20-%20England.pdf
_zView the full report free of charge at the www.brooklyndhurst.co.uk website.
942 _n0
999 _c105919
_d105919